[Event "Hull 4NCL op-B"]
[Site "Hull"]
[Date "2023.09.09"]
[Round "3"]
[White "Li, Xiaofan"]
[Black "Lampard, Alice"]
[Result "0-1"]
[WhiteElo "1512"]
[BlackElo "1731"]
[PlyCount "86"]
[EventDate "2023.09.08"]
[EventType "swiss"]
[EventRounds "5"]
[EventCountry "ENG"]
[SourceTitle "EXT 2024"]
[Source "ChessBase"]
[SourceDate "2023.10.10"]
[SourceVersion "1"]
[SourceVersionDate "2023.10.10"]
[SourceQuality "1"]

1. e4 c5 2. Nf3 Nc6 3. Bb5 d6 4. 0-0 g6 5. c3 Bg7 6. d4 cxd4 7. cxd4 Bd7 8. Nc3 Nf6 9. Be3 0-0 10. Qd2 a6 11. Bd3 Ng4 12. Rfd1 Nxe3 13. Qxe3 Bg4 14. Be2 Bxf3 15. Bxf3 e6 16. e5 d5 17. Na4 Rc8 18. Nc5 Qe7 19. Rac1 Rfd8 20. Be2 Bf8 21. Nb3 Rc7 22. Rc2 Rdc8 23. Rdc1 Nb4 24. Rxc7 Rxc7 25. a3 Rxc1+ 26. Qxc1 Nc6 27. f4 Qd8 28. Qc3 Qb6 29. Kf2 Qd8 30. g3 Qb6 31. Ke3 Ne7 32. Bd3 Nc6 33. Be2 a5 34. Nc5 Bxc5 35. Qxc5 Qxb2 36. h4 Qb1 37. Bf3 Qg1+ 38. Ke2 Qxg3 39. Ke3 Qxh4 40. Qb5 Qe1+ 41. Kd3 Qf1+ 42. Be2 Qxe2+ 43. Kxe2 Nxd4+ 0-1